000 00514nam a2200205Ia 4500
005 20260429112122.0
008 260429s9999||||xx |||||||||||||| ||und||
020 _a9788131613924
041 _aEnglish
082 _a526.8
_bLAW
100 _aLawrence, G. R. P.
245 0 _aCartographic methods /
_cG. R. P. Lawrence
250 _a1st ed.
260 _aJaipur :
_bRawat Publications,
_c2024.
300 _axv, 153 p.; hb
650 _a Atlases
650 _a Map
650 _aCartography
942 _cTB
999 _c52447
_d52447